000 00620nam a2200205Ia 4500
005 20250508162332.0
008 008 250505s9999 xx 000 0 eng d
037 _aTextual
040 _aFEDL
_beng
_cFEDL
041 _aeng
_2eng
084 _a155.418, FLA
_qFEDL
100 _aFlavell John H. Ed.
_913739
245 0 _aSocial cognitive development : Frontiers and possible futures
260 _aCambridge
_bCambridge University Press
_c1981
300 _aix,322p.
650 _aChild Psychology
700 _a Ross Lee Ed.
_9772899
942 _cTEXL
_h155.418, FLA
999 _c1375910
_d1375910